|
|
|
|
| LEADER |
00000caa a2200000 c 4500 |
| 001 |
1525982877 |
| 003 |
DE-627 |
| 005 |
20220604105032.0 |
| 007 |
tu |
| 008 |
160223s2003 xx ||||| 00| ||ger c |
| 020 |
|
|
|a 3798513856
|
| 035 |
|
|
|a (DE-627)1525982877
|
| 035 |
|
|
|a (DE-576)455982872
|
| 035 |
|
|
|a (DE-599)BSZ455982872
|
| 040 |
|
|
|a DE-627
|b ger
|c DE-627
|e rakwb
|
| 041 |
|
|
|a ger
|
| 100 |
1 |
|
|a Köhnken, Günter
|d 1948-
|0 (DE-588)140938125
|0 (DE-627)622941607
|0 (DE-576)161769071
|4 aut
|
| 109 |
|
|
|a Köhnken, Günter 1948-
|a Köhnken, Günther 1948-
|a Köhnken, G. 1948-
|a Koehnken, Guenter 1948-
|
| 245 |
1 |
0 |
|a Glaubwürdigkeit
|c Günter Köhnken
|
| 264 |
|
1 |
|c 2003
|
| 336 |
|
|
|a Text
|b txt
|2 rdacontent
|
| 337 |
|
|
|a ohne Hilfsmittel zu benutzen
|b n
|2 rdamedia
|
| 338 |
|
|
|a Band
|b nc
|2 rdacarrier
|
| 773 |
0 |
8 |
|i In
|t Forensische Psychiatrie und Psychologie des Kindes- und Jugendalters
|b 2., überarb. und erw. Aufl.
|d Darmstadt : Steinkopff, 2003
|g (2003), Seite 341-367
|h XX, 466 S.
|w (DE-627)364581158
|w (DE-576)104076003
|z 3798513856
|7 nnam
|
| 773 |
1 |
8 |
|g year:2003
|g pages:341-367
|
| 935 |
|
|
|a mkri
|
| 951 |
|
|
|a AR
|
| ELC |
|
|
|b 1
|
| LOK |
|
|
|0 000 xxxxxcx a22 zn 4500
|
| LOK |
|
|
|0 001 2899475673
|
| LOK |
|
|
|0 003 DE-627
|
| LOK |
|
|
|0 004 1525982877
|
| LOK |
|
|
|0 005 20260109140826
|
| LOK |
|
|
|0 008 160208||||||||||||||||ger|||||||
|
| LOK |
|
|
|0 040
|a DE-21-110
|c DE-627
|d DE-21-110
|
| LOK |
|
|
|0 689
|a s
|a Glaubwürdigkeit
|
| LOK |
|
|
|0 689
|a s
|a Begutachtung
|
| LOK |
|
|
|0 852
|a DE-21-110
|
| LOK |
|
|
|0 852 1
|m p
|9 00
|
| LOK |
|
|
|0 935
|a k110
|
| LOK |
|
|
|0 938
|k p
|
| LOK |
|
|
|0 939
|a 08-02-16
|b l01
|
| ORI |
|
|
|a SA-MARC-krimdoka001.raw
|